UBT Library

POINT COUNTERPOINT READING IN AMERICAN GOVERNMENT (Record no. 16467)

000 -LEADER
fixed length control field 00332nam a22001337a 4500
008 - FIXED-LENGTH DATA ELEMENTS--GENERAL INFORMATION
fixed length control field 170608b xxu||||| |||| 00| 0 eng d
020 ## - INTERNATIONAL STANDARD BOOK NUMBER
International Standard Book Number 9780312149871
041 ## - LANGUAGE CODE
Language code of text/sound track or separate title eng
080 ## - UNIVERSAL DECIMAL CLASSIFICATION NUMBER
Edition identifier 6 ED
Universal Decimal Classification number 328
100 ## - Rafti
Rafti 18
101 ## - Shkurtesa
Shkurtesa SHP
245 ## - TITLE STATEMENT
Title POINT COUNTERPOINT READING IN AMERICAN GOVERNMENT
Statement of responsibility, etc LEVINE.H.M
942 ## - ADDED ENTRY ELEMENTS (KOHA)
Source of classification or shelving scheme
Item type Books
Holdings
Withdrawn status Lost status Damaged status Not for loan Date acquired Total Checkouts Date last seen Price effective from Koha item type Source of classification or shelving scheme Collection code Permanent location Current location Shelving location Full call number Barcode
        06/08/2017   06/08/2017 06/08/2017 Books              
        06/08/2017   06/08/2017 06/08/2017 Books   Koleksioni i përgjithshem UBT - Lipjan UBT - Lipjan Koleksioni i përgjithshem 328 lev 002-290346
UBT Library © 2015-2024. All rights reserved University Education for Business and Technology